Polscy Strimerzy - Statystyki

Ogólne statystyki
  • Ten quiz został rozwiązany 15 razy
  • Średni wynik to 14 z 35
Statystyki odpowiedzi
Hint Odpowiedź % Poprawnych
Boxstop Bandura
92%
Cs Izak
92%
Udar Kasix
83%
Dred Multi
83%
Petarda Dzinold
75%
Irl Franio
67%
Ryby Tuszol
67%
Wataha Wardega
67%
Pdf legendka Xayo
67%
Żaby Gucio
58%
Takefun Nitro
50%
Eluwina Błoński
42%
Ciemno Merghani
42%
Ziarno MokrySuchar
42%
Cs Neex
42%
IshzjKam Nieuczesana
42%
Tajlandia Pasut
42%
Wiedza Graf
33%
Blond Navcia
33%
Jeleniewska Vysotzky
33%
Wózek Mammon
25%
Skrzynki Rybson
25%
Gej Ajemge1
17%
Piesek F worda Azdus
17%
Panda Ewroon
17%
Dzicz Meduska
17%
Platyna Paris
17%
Legnda skolioza Rafonix
17%
Cnie Taazy
17%
Upo piesek banda Wronek
17%
Rogi Diables
8%
Reaguj mocniej Natan Zgorzyk
8%
Nw Cinkrof
0%
Pato Daniel magical
0%
Nw Slayprox
0%
Nie znaleziono quizów pasujących do podanych kryteriów
Rozkład punktacji
Procent ludzi z każdym wynikiem
Percentyl według liczby udzielonych odpowiedzi
Twoja historia wyników
Nie rozwiązałeś tego quizu